Le sport au cinéma - #1 - Statistiques

Statistiques générales
  • Ce quiz a été pris 720 fois
  • Le résultat moyen est 7 sur 18
Statistiques - réponses
Par images Réponse % Correct
Rocky
90%
Space Jam
74%
Rasta Rockett
71%
Creed
70%
Le Grand Bain
64%
Invictus
52%
Raging Bull
46%
Coach Carter
40%
Shaolin Soccer
37%
Les Seigneurs
33%
Le Stratège
27%
Moi, Tonya
27%
Les Chariots de feu
20%
Les blancs ne savent pas sauter
19%
La couleur de l'argent
10%
Fighter
9%
Eddie the Eagle
8%
L'arnaqueur
5%
Aucun quiz correspondant
Distribution des résultats
% des personnes avec chaque résultat
Percentile par nombre de réponses
Votre historique - résultats
Vous n’avez pas pris ce quiz